Writing from within teacher's manual
Gespeichert in:
| 1. Verfasser: | |
|---|---|
| Format: | Buch |
| Sprache: | Undetermined |
| Veröffentlicht: |
Cambridge, UK
Cambridge Univ. Press
2001
|
| Schlagworte: | |
| Tags: |
Tag hinzufügen
Keine Tags, Fügen Sie den ersten Tag hinzu!
|
| Thư viện lưu trữ: | Trung tâm Học liệu Trường Đại học Cần Thơ |
|---|
| LEADER | 00565nam a2200205Ia 4500 | ||
|---|---|---|---|
| 001 | CTU_57407 | ||
| 008 | 210402s9999 xx 000 0 und d | ||
| 020 | |b 139000 | ||
| 082 | |a 808.066 | ||
| 082 | |b G232 | ||
| 100 | |a Arlen Gargagliano | ||
| 245 | 0 | |a Writing from within teacher's manual | |
| 245 | 0 | |c Arlen Gargagliano and Curtis Kelly | |
| 260 | |a Cambridge, UK | ||
| 260 | |b Cambridge Univ. Press | ||
| 260 | |c 2001 | ||
| 650 | |a english language | ||
| 650 | |x written english | ||
| 904 | |i Minh | ||
| 980 | |a Trung tâm Học liệu Trường Đại học Cần Thơ | ||